| 000 | 00871cam a2200289 4500 | ||
|---|---|---|---|
| 008 | 090401t1991 xxu||||| |||| 00| 0 eng d | ||
| 020 | _a0851217737 | ||
| 035 | _a(Sirsi) u62104 | ||
| 041 | _aeng | ||
| 050 | _a346.4507 | ||
| 100 | _aBarbalich, Roberto | ||
| 245 | _aItaly: practical commercial law. | ||
| 260 |
_aLondon _bLongman _c1991 |
||
| 300 | _axiv,212p. ; 22cm. | ||
| 350 | _a32 | ||
| 490 | _aEuropean Commercial Law Series | ||
| 520 | _aAfter explaining the Italian civil law system, the book covers all aspects of commercial law including property, agency, taxation and insolvency. | ||
| 650 | _aCOMPANY LAW | ||
| 650 | _aEUROPE | ||
| 650 | _aPLANNING LAW | ||
| 650 | _aPROPERTY LAW | ||
| 690 | _aOVERSEAS-EUROPE | ||
| 690 | _aPROPERTY LAW AND PRACTICE | ||
| 700 |
_aHudson, Alexis Maitland _xEditor |
||
| 942 | _n0 | ||
| 948 | _c04/03/1997 | ||
| 999 |
_c94371 _d94371 |
||